C++: akademický výučbový kurz

Gespeichert in:
Bibliographische Detailangaben
1. Verfasser: Hanák, Ján
Körperschaft: Ekonomická univerzita v Bratislave. Fakulta hospodárskej informatiky
Weitere Verfasser: Závodný, Peter, Kubovčík, Miroslav
Format: Buch
Sprache:Slowakisch
Veröffentlicht: Bratislava Vydavateľstvo EKONÓM 2010
Schlagworte:
Tags: Tag hinzufügen
Keine Tags, Fügen Sie das erste Tag hinzu!

MARC

LEADER 00000nam$a2200000$$$4500
001 0122118
005 20240502072401.2
020 |a 978-80-225-3068-2 
041 0 |a slo 
044 |a SK 
245 1 0 |a C++: akademický výučbový kurz  |c Ján Hanák 
264 1 |a Bratislava  |b Vydavateľstvo EKONÓM  |c 2010 
300 |a 162 s. [7,054 AH] 
610 2 0 |a jazyky programovacie 
610 2 0 |a programovanie objektové 
610 2 0 |a programy počítačové 
100 1 |a Hanák, Ján 
700 1 |a Závodný, Peter 
700 1 |a Kubovčík, Miroslav 
710 2 |a Ekonomická univerzita v Bratislave. Fakulta hospodárskej informatiky